| 000 | 00523nam a2200145Ia 4500 | ||
|---|---|---|---|
| 008 | 170221s9999 xx 000 0 und d | ||
| 100 | _aForrest Thompson | ||
| 245 | _aCritical thinking skills and teaching accounting: a comparative study | ||
| 245 | _cForrest Thompson, Albany State University; H. Lee Washington, Albany State University. | ||
| 260 | _bJournal of Management and Marketing Research | ||
| 260 | _c2012 | ||
| 300 | _a32 : 12 | ||
| 650 | _xBusiness | ||
| 856 | _uhttp://www.aabri.com/manuscripts/152205.pdf | ||
| 999 |
_c311323 _d311323 |
||